[Event "Camp. Arg. 83 - Semifinal (La Plata)"]
[Site "Calle 46 - No. 581 (La Plata)"]
[Date "2008.07.25"]
[Round "5.2"]
[White "Pierrot, Facundo"]
[Black "Alonso, Salvador"]
[Result "1/2-1/2"]
[WhiteElo "2421"]
[BlackElo "2437"]
[PlyCount "38"]
[EventDate "2008.07.21"]

1. e4 c5 2. Nf3 Nc6 3. d4 cxd4 4. Nxd4 Nf6 5. Nc3 e5 6. Ndb5 d6 7. Bg5 a6 8.
Na3 b5 9. Nd5 Be7 10. Bxf6 Bxf6 11. c3 Ne7 12. Nxf6+ gxf6 13. Qd2 Bb7 14. O-O-O
Bxe4 15. Qxd6 Qxd6 16. Rxd6 f5 17. f3 Bc6 18. Be2 Rg8 19. g3 Rd8 1/2-1/2

[Event "Camp. Arg. 83 - Semifinal (La Plata)"]
[Site "Calle 46 - No. 581 (La Plata)"]
[Date "2008.07.25"]
[Round "5.4"]
[White "De Luca, Christian Carlos"]
[Black "Hobaica, Juan Pablo"]
[Result "1/2-1/2"]
[WhiteElo "2125"]
[BlackElo "2417"]
[PlyCount "47"]
[EventDate "2008.07.21"]

1. Nf3 d5 2. d4 Nf6 3. Bf4 e6 4. e3 c5 5. Nbd2 Nc6 6. c3 Bd6 7. Bxd6 Qxd6 8.
Bb5 O-O 9. Bxc6 bxc6 10. O-O cxd4 11. exd4 Nd7 12. Re1 f6 13. Re3 Rb8 14. b3 e5
15. dxe5 Nxe5 16. h3 Qc7 17. c4 Nxf3+ 18. Nxf3 dxc4 19. bxc4 c5 20. Qd5+ Qf7
21. Qxc5 Rb7 22. Qd5 Qxd5 23. cxd5 Rd7 24. Rc1 {(=)} 1/2-1/2

[Event "Camp. Arg. 83 - Semifinal (La Plata)"]
[Site "Calle 46 - No. 581 (La Plata)"]
[Date "2008.07.25"]
[Round "5.5"]
[White "Claverie, Raul Ricardo"]
[Black "Quiroga, Facundo"]
[Result "1/2-1/2"]
[WhiteElo "2378"]
[BlackElo "2339"]
[PlyCount "38"]
[EventDate "2008.07.21"]

1. Nc3 c5 2. f4 Nc6 3. Nf3 g6 4. d3 Bg7 5. g3 Nf6 6. Bg2 d5 7. O-O O-O 8. e4
dxe4 9. dxe4 Qxd1 10. Rxd1 e5 11. Be3 b6 12. Rd6 Bb7 13. Rad1 Ng4 14. Bc1 exf4
15. gxf4 Nd4 16. h3 Nxf3+ 17. Bxf3 Bd4+ 18. Kg2 Ne3+ 19. Bxe3 Bxe3 1/2-1/2

[Event "Camp. Arg. 83 - Semifinal (La Plata)"]
[Site "Calle 46 - No. 581 (La Plata)"]
[Date "2008.07.25"]
[Round "5.7"]
[White "Fulgenzi, Ernesto"]
[Black "Di Benedetto, Guillermo"]
[Result "0-1"]
[WhiteElo "2358"]
[BlackElo "2300"]
[PlyCount "92"]
[EventDate "2008.07.21"]

1. d4 f5 2. Nc3 d5 3. Bf4 e6 4. e3 Nf6 5. Bd3 Bd6 6. Nf3 O-O 7. Ne2 b6 8. Ne5
Ba6 9. Bxa6 Nxa6 10. c4 Qe8 11. h3 Rd8 12. O-O dxc4 13. Qc1 Nb4 14. Qxc4 Ne4
15. Rfd1 g5 16. Bh2 Nd5 17. f3 Nxe3 18. Qb3 f4 19. fxe4 Bxe5 20. dxe5 Nxd1 21.
Rxd1 Rxd1+ 22. Qxd1 Qb5 23. h4 Qxe5 24. hxg5 Qxe4 25. Nxf4 Rxf4 26. Bxf4 Qxf4
27. Qd7 Qf7 28. Qd4 Qe7 29. Qe4 Kg7 30. b3 Qc5+ 31. Kh2 Qxg5 32. Qd4+ Qf6 33.
Qd7+ Qf7 34. Qd4+ Kg6 35. Qg4+ Kh6 36. Kg1 Qe7 37. Qf4+ Kg6 38. Qg4+ Kf7 39.
Qf4+ Kg8 40. Qg3+ Qg7 41. Qe3 Qa1+ 42. Kh2 Qf6 43. Qg3+ Qg7 44. Qe3 e5 45. Qe4
Qh6+ 46. Kg1 Qc1+ 0-1

[Event "Camp. Arg. 83 - Semifinal (La Plata)"]
[Site "Calle 46 - No. 581 (La Plata)"]
[Date "2008.07.25"]
[Round "5.8"]
[White "Calderon Fernandez, Gervasio Andres"]
[Black "Giampa, Alejandro"]
[Result "1-0"]
[WhiteElo "2303"]
[BlackElo "2237"]
[PlyCount "55"]
[EventDate "2008.07.21"]

1. d4 e6 2. c4 Bb4+ 3. Nc3 c5 4. e3 Nc6 5. d5 Bxc3+ 6. bxc3 Na5 7. e4 b6 8. Bd3
Ba6 9. Qe2 Qe7 10. f4 d6 11. Nf3 O-O-O 12. O-O f6 13. Nd2 e5 14. Nb3 exf4 15.
Bxf4 g5 16. Bg3 h5 17. h3 h4 18. Bh2 Nh6 19. Nxa5 bxa5 20. Qf3 Rdf8 21. Rab1
Qd7 22. e5 f5 23. exd6 f4 24. Rfe1 Re8 25. Re6 Bb7 26. Qf2 Kb8 27. Qxc5 Ka8 28.
Kh1 1-0

[Event "Camp. Arg. 83 - Semifinal (La Plata)"]
[Site "Calle 46 - No. 581 (La Plata)"]
[Date "2008.??.??"]
[Round "5.10"]
[White "Palmero, Pablo"]
[Black "Perelman, Hernan"]
[Result "0-1"]
[WhiteElo "2144"]
[BlackElo "2360"]
[PlyCount "80"]
[EventDate "2008.07.21"]

1. d4 c5 2. d5 d6 3. e4 Nf6 4. Nc3 g6 5. Nf3 Bg7 6. Be2 O-O 7. O-O Na6 8. Re1
Nc7 9. Bf1 b6 10. Bc4 Bb7 11. h3 a6 12. a4 Re8 13. Ra3 e6 14. Rb3 exd5 15. exd5
Rxe1+ 16. Nxe1 b5 17. Bg5 bxc4 18. Rxb7 Rb8 19. Rxb8 Qxb8 20. Qf3 Nd7 21. Ne4
Qxb2 22. Nxd6 Ne5 23. Qe4 Qa1 24. f4 f5 25. Qe2 Qd4+ 26. Kh1 h6 27. Bxh6 Bxh6
28. Qxe5 Bxf4 29. Qxd4 cxd4 30. Nxc4 Nxd5 31. Kg1 Kf7 32. Nf3 Bb8 33. Kf1 Ba7
34. Nce5+ Kf6 35. Nc6 Bb6 36. a5 Bc5 37. Nb8 Ba7 38. Nc6 Bc5 39. Nb8 Bd6 40.
Nxa6 Ne3+ 0-1

[Event "Camp. Arg. 83 - Semifinal (La Plata)"]
[Site "Calle 46 - No. 581 (La Plata)"]
[Date "2008.??.??"]
[Round "5.11"]
[White "Alcobedo, Damian"]
[Black "Spata, German"]
[Result "0-1"]
[WhiteElo "2123"]
[BlackElo "2250"]
[PlyCount "56"]
[EventDate "2008.07.21"]

1. e4 c5 2. Nf3 Nc6 3. c3 d5 4. e5 Bg4 5. Bb5 Qb6 6. Na3 e6 7. d3 Nge7 8. Rb1
a6 9. Bxc6+ Nxc6 10. Bf4 Qc7 11. Nc2 f6 12. d4 fxe5 13. dxe5 Be7 14. h3 O-O 15.
g3 Bxf3 16. Qxf3 Kh8 17. Qe3 g5 18. Bxg5 d4 19. cxd4 cxd4 20. Nxd4 Nxd4 21.
Qxd4 Bxg5 22. O-O Rad8 23. Qe4 Rd5 24. f4 Be7 25. Qe2 Rfd8 26. Rfd1 Qb6+ 27.
Kh1 Qb5 28. Qh5 Qc6 0-1

[Event "Camp. Arg. 83 - Semifinal (La Plata)"]
[Site "Calle 46 - No. 581 (La Plata)"]
[Date "2008.07.25"]
[Round "5.13"]
[White "Tobares, Leandro"]
[Black "Lohidoy, Bernardo"]
[Result "0-1"]
[WhiteElo "2210"]
[BlackElo "2091"]
[PlyCount "59"]
[EventDate "2008.07.21"]

1. d4 Nf6 2. c4 e6 3. Nf3 c5 4. d5 exd5 5. cxd5 d6 6. Nc3 g6 7. h3 Bg7 8. e4
O-O 9. Bd3 Na6 10. O-O Nc7 11. Re1 Rb8 12. a4 a6 13. Bg5 h6 14. Bh4 g5 15. Bg3
Nh5 16. Bh2 Nf4 17. Qd2 Qf6 18. e5 dxe5 19. Nxe5 Ncxd5 20. Nxd5 Nxd5 21. Ng4
Bxg4 22. Bxb8 Rxb8 23. hxg4 Qxb2 24. Bh7+ Kxh7 25. Qxd5 Qd4 26. Qf5+ Kg8 27.
Rad1 Qxa4 28. Qxc5 Qxg4 29. Qc7 Qf4 30. Rd7 0-1

[Event "Camp. Arg. 83 - Semifinal (La Plata)"]
[Site "Calle 46 - No. 581 (La Plata)"]
[Date "2008.??.??"]
[Round "5.14"]
[White "Bibiloni, Jorge"]
[Black "Palmiotto, Marcos Ivan"]
[Result "1/2-1/2"]
[WhiteElo "2153"]
[BlackElo "1925"]
[PlyCount "80"]
[EventDate "2008.07.21"]

1. e4 e5 2. Nf3 Nc6 3. Bb5 a6 4. Ba4 d6 5. c3 g6 6. d4 Bd7 7. Bb3 Bg7 8. dxe5
dxe5 9. Ng5 Nh6 10. Qe2 Qe7 11. h3 Na5 12. Be3 Nxb3 13. axb3 O-O 14. O-O b5 15.
b4 Rfe8 16. Nd2 f6 17. Bc5 Qd8 18. Ngf3 Qc8 19. Rfd1 Be6 20. Ra3 Qb7 21. Rda1
Nf7 22. b3 Nd6 23. Ne1 f5 24. f3 Bh6 25. Be3 Bf8 26. Nd3 Qc6 27. Nc5 Bc8 28. c4
Bb7 29. Ra5 fxe4 30. fxe4 Kh8 31. Rc1 bxc4 32. bxc4 Reb8 33. Nf3 Bg7 34. Ng5
Bc8 35. Nd3 h6 36. c5 Nb7 37. Nf7+ Kh7 38. Ndxe5 Qxe4 39. Rc4 Qb1+ 40. Rc1 Qe4
1/2-1/2

[Event "Camp. Arg. 83 - Semifinal (La Plata)"]
[Site "Calle 46 - No. 581 (La Plata)"]
[Date "2008.??.??"]
[Round "5.15"]
[White "Torres, Maximiliano"]
[Black "Torres, Sergio"]
[Result "0-1"]
[WhiteElo "1950"]
[BlackElo "2202"]
[PlyCount "40"]
[EventDate "2008.07.21"]

1. e4 Nf6 2. Nc3 d5 3. e5 d4 4. exf6 dxc3 5. fxg7 cxd2+ 6. Bxd2 Bxg7 7. Qf3 Qd6
8. Bc4 Be6 9. Bxe6 Qxe6+ 10. Ne2 Nc6 11. O-O O-O-O 12. Be3 Rhg8 13. Rab1 Be5
14. b4 Bd6 15. b5 Ne5 16. Qe4 Rg4 17. f4 f5 18. Qd4 Nc4 19. Rb3 b6 20. Qc3 Nxe3
0-1

[Event "Camp. Arg. 83 - Semifinal (La Plata)"]
[Site "Calle 46 - No. 581 (La Plata)"]
[Date "2008.??.??"]
[Round "5.17"]
[White "Lanza, Luciano"]
[Black "Scarzello, Alejandro"]
[Result "0-1"]
[WhiteElo "2188"]
[BlackElo "2050"]
[PlyCount "90"]
[EventDate "2008.07.21"]

1. e4 c5 2. Nf3 Nc6 3. d4 cxd4 4. Nxd4 g6 5. Bc4 Bg7 6. Nxc6 bxc6 7. Nc3 Rb8 8.
Qf3 Nf6 9. O-O d6 10. e5 dxe5 11. Qxc6+ Bd7 12. Qa6 Qc7 13. Bb3 O-O 14. Bg5 Bc6
15. Rad1 e4 16. Qc4 Qb7 17. Rfe1 e6 18. Rd6 Rbc8 19. Qe2 h6 20. Bc1 Kh7 21.
Red1 Rfe8 22. Bc4 Rb8 23. Rxc6 Qxc6 24. Bb5 Qb7 25. Bxe8 Rxe8 26. h3 Rc8 27.
Nb5 Qa6 28. a3 Rc5 29. c4 Qa4 30. b4 Rxc4 31. Nd6 Rc2 32. Rd2 Rxc1+ 33. Kh2 Rc7
34. b5 Qxa3 35. b6 axb6 36. Nb5 Qe7 37. Nxc7 Qxc7+ 38. g3 Bf8 39. Qa6 Bc5 40.
Qa1 Nh5 41. Qg1 Qe5 42. Rd7 Kg7 43. Qe1 e3 44. fxe3 Qxe3 45. Qa1+ e5 0-1

[Event "Camp. Arg. 83 - Semifinal (La Plata)"]
[Site "Calle 46 - No. 581 (La Plata)"]
[Date "2008.??.??"]
[Round "5.18"]
[White "Restuccia, Francisco"]
[Black "Pereyra, Horacio"]
[Result "1/2-1/2"]
[WhiteElo "2148"]
[BlackElo "2001"]
[PlyCount "54"]
[EventDate "2008.07.21"]

1. e4 e6 2. d4 c5 3. Nf3 cxd4 4. c3 d3 5. Bxd3 d6 6. c4 Nf6 7. Nc3 Be7 8. O-O
O-O 9. b3 Nbd7 10. Nd4 a6 11. Bb2 Qc7 12. Rc1 b6 13. Re1 Bb7 14. Re3 Ne5 15.
Bb1 Nfg4 16. Rg3 h5 17. Rh3 Bg5 18. Rxh5 Bxc1 19. Qxc1 Qc5 20. Rg5 Qxd4 21. Nd1
Qc5 22. Rxg7+ Kxg7 23. Qg5+ Kh7 24. Qh4+ Kg7 25. Qxg4+ Kh7 26. Qh5+ Kg7 27.
Qg5+ Kh7 1/2-1/2

[Event "Camp. Arg. 83 - Semifinal (La Plata)"]
[Site "Calle 46 - No. 581 (La Plata)"]
[Date "2008.??.??"]
[Round "5.20"]
[White "Negri, Santiago"]
[Black "Cirulli, Diego"]
[Result "1/2-1/2"]
[WhiteElo "2133"]
[BlackElo "1984"]
[PlyCount "54"]
[EventDate "2008.07.21"]

1. d4 Nf6 2. c4 e6 3. g3 Bb4+ 4. Bd2 Qe7 5. Bg2 Bxd2+ 6. Qxd2 d6 7. Nc3 O-O 8.
e3 e5 9. Nge2 e4 10. Qc2 Re8 11. Nd5 Nxd5 12. cxd5 c6 13. Nc3 f5 14. Rc1 Qf7
15. a3 Nd7 16. O-O Nf6 17. dxc6 bxc6 18. Rfd1 Be6 19. Re1 Rac8 20. Ne2 g5 21.
Qa4 Bd5 22. Nc3 Bb3 23. Qa5 Be6 24. Nb1 Bd5 25. Nc3 Be6 26. Nb1 Bd5 27. Nc3 Be6
1/2-1/2

[Event "Camp. Arg. 83 - Semifinal (La Plata)"]
[Site "Calle 46 - No. 581 (La Plata)"]
[Date "2008.??.??"]
[Round "5.21"]
[White "Sampaoli, Cristian"]
[Black "Pastor, Juan Martin"]
[Result "1-0"]
[WhiteElo "2201"]
[BlackElo "1964"]
[PlyCount "87"]
[EventDate "2008.07.21"]

1. d4 Nc6 2. Nf3 d5 3. e3 Bg4 4. h3 Bh5 5. Nbd2 e6 6. Be2 Bd6 7. b3 e5 8. dxe5
Nxe5 9. Bb2 Qe7 10. O-O O-O-O 11. Nd4 Bxe2 12. Qxe2 Nf6 13. Rfd1 Ne4 14. f4 Ng6
15. Qg4+ Kb8 16. Nf5 Qe6 17. Nxg7 Qxg4 18. hxg4 Bc5 19. Nxe4 dxe4 20. Nf5 Rhg8
21. Bd4 Bxd4 22. Nxd4 Nh4 23. Nf5 Nxf5 24. gxf5 Kc8 25. Kf2 Rde8 26. Rd4 Rg7
27. Rh1 f6 28. c4 c5 29. Rd6 Kc7 30. Rxf6 Reg8 31. g4 Rxg4 32. Rxh7+ Kc8 33.
Rg6 R8xg6 34. fxg6 Rxg6 35. Re7 Rd6 36. Rxe4 Rd2+ 37. Kg3 Rxa2 38. f5 Ra1 39.
Re7 Rf1 40. e4 a6 41. Re5 b6 42. Re6 Kc7 43. f6 a5 44. e5 1-0

[Event "Camp. Arg. 83 - Semifinal (La Plata)"]
[Site "Calle 46 - No. 581 (La Plata)"]
[Date "2008.??.??"]
[Round "5.22"]
[White "Amed, Stephanie"]
[Black "Rojo Lynch, Enrique"]
[Result "1-0"]
[WhiteElo "2099"]
[BlackElo "1898"]
[PlyCount "43"]
[EventDate "2008.07.21"]

1. e4 c5 2. Nf3 e6 3. d4 cxd4 4. Nxd4 Nf6 5. Nc3 Nc6 6. Nxc6 bxc6 7. Bd3 Bb4 8.
O-O d5 9. e5 Nd7 10. Qg4 g6 11. Qxb4 c5 12. Qf4 a6 13. Re1 h6 14. Nxd5 exd5 15.
e6 Nf6 16. Qa4+ Ke7 17. exf7+ Kxf7 18. Qc6 Bd7 19. Qxc5 Rc8 20. Qd4 Be6 21. Bf4
Nh5 22. Bxg6+ 1-0

[Event "Camp. Arg. 83 - Semifinal (La Plata)"]
[Site "Calle 46 - No. 581 (La Plata)"]
[Date "2008.07.25"]
[Round "5.23"]
[White "Lottgering, Enrique"]
[Black "Pacheco, Juan Jose"]
[Result "0-1"]
[WhiteElo "1760"]
[BlackElo "2091"]
[PlyCount "102"]
[EventDate "2008.07.21"]

1. e4 c5 2. f4 d5 3. e5 Nc6 4. Nf3 g6 5. c3 Bg7 6. d4 b6 7. Bb5 Bb7 8. O-O e6
9. Be3 cxd4 10. Nxd4 Nge7 11. Nd2 O-O 12. N2f3 a6 13. Bd3 a5 14. Qb3 Nb8 15.
Nb5 Ba6 16. Rad1 Nd7 17. Qa3 Nf5 18. Bf2 Re8 19. Rfe1 Bf8 20. Qb3 Nc5 21. Qc2
Rc8 22. g4 Nxd3 23. Qxd3 Ng7 24. a4 Rc4 25. Qxc4 dxc4 26. Rxd8 Rxd8 27. Bxb6
Rb8 28. Ba7 Rb7 29. Nfd4 Ne8 30. Rd1 Nc7 31. Nxc7 Rxc7 32. Bb6 Rb7 33. Bxa5
Rxb2 34. Bd8 Bb7 35. a5 Rg2+ 36. Kf1 Rxh2 37. Bb6 h5 38. Ne2 h4 39. Rd8 Kg7 40.
Rd7 Bf3 41. Ng1 Be4 42. g5 Ra2 43. Bd8 Ra1+ 44. Ke2 Rxg1 45. Bf6+ Kg8 46. Rd8
h3 47. Be7 h2 48. Bxf8 h1=Q 49. Be7+ Kh7 50. Bf6 Qf3+ 51. Kd2 Rd1# 0-1

[Event "Camp. Arg. 83 - Semifinal (La Plata)"]
[Site "Calle 46 - No. 581 (La Plata)"]
[Date "2008.07.25"]
[Round "5.26"]
[White "Gomez, Ruben Alfredo"]
[Black "Lo Presti, Roberto Oscar"]
[Result "0-1"]
[WhiteElo "1834"]
[BlackElo "2122"]
[PlyCount "98"]
[EventDate "2008.07.21"]

1. Nf3 Nf6 2. c4 e6 3. g3 d5 4. Bg2 a6 5. cxd5 exd5 6. O-O Bd6 7. d4 Nbd7 8.
Nc3 O-O 9. a3 Re8 10. b4 c6 11. Na4 Nb6 12. Nxb6 Qxb6 13. Ne5 Bxe5 14. dxe5
Rxe5 15. Bb2 Re6 16. e3 Ne4 17. Rc1 Re8 18. Qh5 Qd8 19. h4 Bd7 20. Rcd1 Qe7 21.
Rd4 Nf6 22. Qg5 h6 23. Qf4 Rad8 24. Re1 Bc8 25. e4 dxe4 26. Rxd8 Qxd8 27. Bxf6
Qxf6 28. Qxf6 gxf6 29. Rxe4 Rxe4 30. Bxe4 Kf8 31. Kf1 Ke7 32. Ke2 Kd6 33. Kd3
c5 34. bxc5+ Kxc5 35. Kc3 b5 36. f4 Be6 37. Bd3 a5 38. Bb1 b4+ 39. axb4+ axb4+
40. Kd2 Kd4 41. Bc2 b3 42. Bb1 Bd5 43. g4 Be4 44. Bxe4 Kxe4 45. g5 fxg5 46.
fxg5 h5 47. Kc3 b2 48. Kxb2 Kf4 49. Kc3 Kg4 0-1

[Event "Camp. Arg. 83 - Semifinal (La Plata)"]
[Site "Calle 46 - No. 581 (La Plata)"]
[Date "2008.??.??"]
[Round "5.28"]
[White "Barbarito, Damian"]
[Black "Roque, Fernando"]
[Result "1/2-1/2"]
[WhiteElo "1751"]
[BlackElo "1964"]
[PlyCount "125"]
[EventDate "2008.07.21"]

1. d4 d5 2. Nf3 Nf6 3. c4 c6 4. Nc3 Bg4 5. e3 e6 6. cxd5 exd5 7. Be2 Nbd7 8.
Bd2 Bd6 9. Nh4 Bxe2 10. Qxe2 g6 11. Nf3 Qe7 12. a4 Ne4 13. a5 Ndf6 14. O-O O-O
15. Rac1 Rac8 16. Na4 Rfe8 17. h3 Nd7 18. a6 b6 19. Nc3 Ndf6 20. Rfd1 Nxc3 21.
Bxc3 Ne4 22. Nd2 Nxd2 23. Qxd2 f5 24. Re1 Qe4 25. Rcd1 Red8 26. b4 Kf7 27. Qd3
Qxd3 28. Rxd3 g5 29. Bd2 Re8 30. Kf1 Re6 31. Rb3 Bb8 32. Rc1 Ke7 33. b5 Kd7 34.
Rbc3 Rc7 35. Rb3 cxb5 36. Rxc7+ Bxc7 37. Rxb5 Kc6 38. Rb2 b5 39. Bb4 Kd7 40.
Rc2 Rc6 41. Rc5 Rxc5 42. Bxc5 Bb8 43. Ke2 Kc6 44. f3 h5 45. g4 fxg4 46. fxg4
hxg4 47. hxg4 Bg3 48. Bxa7 b4 49. Bc5 b3 50. a7 Kb7 51. Ba3 Kxa7 52. Kd3 Be1
53. Bb2 Kb7 54. e4 dxe4+ 55. Kxe4 Kc6 56. Ke5 Kd7 57. Kd5 Bd2 58. Kc4 Kc6 59.
Kxb3 Kd5 60. Kc2 Bf4 61. Kd3 Bc7 62. Ba3 Bd8 63. Bc5 1/2-1/2

[Event "Camp. Arg. 83 - Semifinal (La Plata)"]
[Site "Calle 46 - No. 581 (La Plata)"]
[Date "2008.??.??"]
[Round "5.31"]
[White "Araoz, Claudio Alberto"]
[Black "Latrecchiana, Cristian"]
[Result "1/2-1/2"]
[WhiteElo "1903"]
[BlackElo "1773"]
[PlyCount "60"]
[EventDate "2008.07.21"]

1. d4 Nf6 2. Nf3 g6 3. Bg5 Bg7 4. Nbd2 d6 5. e3 O-O 6. Bd3 Nbd7 7. c3 c5 8. O-O
b6 9. Re1 Bb7 10. e4 e5 11. dxe5 dxe5 12. Qc2 Qc7 13. a4 a5 14. Rad1 Rfe8 15.
Bf1 Ba6 16. Nc4 Bxc4 17. Bxc4 Nf8 18. Qb3 h6 19. Bxf6 Bxf6 20. Rd5 Red8 21.
Red1 Rxd5 22. Rxd5 Rd8 23. Qd1 Rxd5 24. Qxd5 g5 25. h3 Ng6 26. g3 Kg7 27. Ne1
Nf8 28. Nc2 Qd7 29. Ne3 Qxd5 30. Bxd5 Bd8 1/2-1/2

[Event "Camp. Arg. 83 - Semifinal (La Plata)"]
[Site "Calle 46 - No. 581 (La Plata)"]
[Date "2008.07.26"]
[Round "6.5"]
[White "Alonso, Salvador"]
[Black "De Luca, Christian Carlos"]
[Result "1-0"]
[WhiteElo "2437"]
[BlackElo "2125"]
[PlyCount "95"]
[EventDate "2008.07.21"]

1. e4 e6 2. d4 d5 3. Nc3 dxe4 4. Nxe4 Bd7 5. Nf3 Bc6 6. Bd3 Nd7 7. O-O Ngf6 8.
Neg5 Bd6 9. Re1 O-O 10. Ne5 h6 11. Nxc6 bxc6 12. Nf3 c5 13. c3 cxd4 14. Nxd4
Ne5 15. Bc2 Qb8 16. Nf3 c5 17. Nxe5 Bxe5 18. g3 Bd6 19. Qf3 Be7 20. b3 Rd8 21.
Bf4 Qb6 22. a4 Rac8 23. a5 Qc6 24. Qxc6 Rxc6 25. Rad1 Nd5 26. Be4 g5 27. Bxd5
exd5 28. Rxe7 gxf4 29. Rxa7 f3 30. Re7 d4 31. Re3 Ra6 32. cxd4 Rxa5 33. Rxf3
cxd4 34. Kf1 Kg7 35. Rd2 f6 36. Ke2 Kf7 37. Kd3 Rc5 38. Rc2 Rb5 39. Kd2 Rd7 40.
Rc6 Kg7 41. Rfxf6 Rxb3 42. Rg6+ Kf7 43. Rcf6+ Ke7 44. Re6+ Kd8 45. Rd6 Rb2+ 46.
Kd3 Rxf2 47. Rxd7+ Kxd7 48. Rxh6 1-0

[Event "Camp. Arg. 83 - Semifinal (La Plata)"]
[Site "Calle 46 - No. 581 (La Plata)"]
[Date "2008.07.26"]
[Round "6.6"]
[White "Hobaica, Juan Pablo"]
[Black "Needleman, Alejandro"]
[Result "1/2-1/2"]
[WhiteElo "2417"]
[BlackElo "2352"]
[PlyCount "116"]
[EventDate "2008.07.21"]

1. d4 Nf6 2. Nf3 c5 3. e3 g6 4. c4 Bg7 5. Nc3 O-O 6. Be2 cxd4 7. exd4 d5 8. O-O
Nc6 9. Re1 dxc4 10. Bxc4 Na5 11. Bf1 Be6 12. b4 Nc6 13. b5 Nb4 14. a3 Nbd5 15.
Na4 Bg4 16. Bd2 Rc8 17. h3 Bxf3 18. Qxf3 b6 19. Rac1 Qd7 20. Nb2 Nc7 21. Nc4
Nxb5 22. Ne5 Nxd4 23. Nxd7 Nxf3+ 24. gxf3 Nxd7 25. Rxe7 Ne5 26. Kg2 Nc6 27. Rd7
Bb2 28. Re1 Bxa3 29. Bh6 Rfd8 30. Rb7 Rb8 31. Rc7 Rdc8 32. Rd7 b5 33. Bf4 Rd8
34. Rxd8+ Rxd8 35. Bxb5 Nd4 36. Bc4 Nf5 37. Bg5 Rd4 38. Re4 Kg7 39. Bf4 f6 40.
Be6 Bc5 41. Rxd4 Bxd4 42. Kf1 a5 43. Bd7 Ne7 44. Bd2 Bb6 45. Ke2 h5 46. f4 f5
47. f3 Kf7 48. Kd3 Nd5 49. Kc4 Be3 50. Kxd5 Bxd2 51. Ke5 Bc3+ 52. Kd5 Kf6 53.
Kc4 Bd2 54. Kb5 g5 55. fxg5+ Kxg5 56. Kc4 Kf4 57. Kd3 Kxf3 58. Bxf5 Bf4 1/2-1/2

[Event "Camp. Arg. 83 - Semifinal (La Plata)"]
[Site "Calle 46 - No. 581 (La Plata)"]
[Date "2008.07.26"]
[Round "6.7"]
[White "Spata, German"]
[Black "Claverie, Raul Ricardo"]
[Result "1-0"]
[WhiteElo "2250"]
[BlackElo "2378"]
[PlyCount "127"]
[EventDate "2008.07.21"]

1. Nf3 f5 2. b3 d6 3. d4 g6 4. Bb2 Bg7 5. e3 Nh6 6. c4 O-O 7. Qd2 Nd7 8. Nc3 e5
9. dxe5 dxe5 10. O-O-O c6 11. Na4 Nf7 12. Kb1 Qe7 13. Qc1 Re8 14. Ba3 Qf6 15.
Be2 Rb8 16. c5 b5 17. cxb6 axb6 18. Bc4 c5 19. Bxf7+ Kxf7 20. Qc4+ Kf8 21. h4
h6 22. Qb5 Re7 23. Nd2 Bb7 24. Qf1 Ra8 25. Nc4 Ba6 26. Rxd7 Rxd7 27. Naxb6 Rd2
28. Nxa8 e4 29. Bxc5+ Kg8 30. Bd4 Rxd4 31. exd4 Qxd4 32. Qc1 Qa1+ 33. Kc2 Qxa2+
34. Kd1 Bd4 35. Nd2 Bd3 36. Qc8+ Kh7 37. h5 Qa1+ 38. Qc1 Qxa8 39. hxg6+ Kxg6
40. Nxe4 Qxe4 41. Rxh6+ Kf7 42. Qc7+ Ke8 43. Qb8+ Ke7 44. Qd6+ Kf7 45. Rh7+ Bg7
46. Qd7+ Kf6 47. Qxg7+ Ke6 48. Qe7+ Kd5 49. Qxe4+ Kxe4 50. Re7+ Kf4 51. Kd2 Bb5
52. b4 Bc6 53. g3+ Kf3 54. Ke1 Bb5 55. Re5 Bd7 56. b5 f4 57. gxf4 Kxf4 58. Rc5
Ke4 59. b6 Kf4 60. b7 Ke4 61. b8=Q Bg4 62. Qe5+ Kf3 63. Qg3+ Ke4 64. Qe3# 1-0

[Event "Camp. Arg. 83 - Semifinal (La Plata)"]
[Site "Calle 46 - No. 581 (La Plata)"]
[Date "2008.07.26"]
[Round "6.8"]
[White "Quiroga, Facundo"]
[Black "Barrionuevo, Pablo"]
[Result "1-0"]
[WhiteElo "2339"]
[BlackElo "2363"]
[PlyCount "125"]
[EventDate "2008.07.21"]

1. d4 Nf6 2. c4 g6 3. g3 d5 4. cxd5 Nxd5 5. Bg2 Nb6 6. Nc3 Bg7 7. e3 O-O 8.
Nge2 c6 9. O-O e5 10. dxe5 Bxe5 11. Qc2 Be6 12. Nf4 Bc4 13. Rd1 Qe7 14. b3 Ba6
15. Bb2 Rd8 16. Rxd8+ Qxd8 17. Rd1 Qe7 18. h4 N8d7 19. Ne4 Re8 20. Rd2 Bxb2 21.
Qxb2 Qe5 22. Qc1 Re7 23. Qd1 Kg7 24. Rd4 h6 25. Nd3 Bxd3 26. Rxd3 Kh7 27. Nd6
Nf6 28. Rd4 h5 29. Ne4 Nxe4 30. Rxe4 Rd7 31. Qc2 Qf5 32. Qb2 Rd1+ 33. Kh2 Nd5
34. Re5 Qd7 35. Rxh5+ gxh5 36. Qc2+ Kg7 37. Qxd1 Nf6 38. Qxd7 Nxd7 39. Bf3 Kg6
40. g4 hxg4 41. Bxg4 Nc5 42. Kg3 Ne4+ 43. Kf3 Nc3 44. Bc8 b5 45. Bd7 c5 46. a3
a5 47. Be8 a4 48. bxa4 b4 49. axb4 cxb4 50. h5+ Kf6 51. h6 Kg6 52. h7 Kxh7 53.
Bxf7 Nxa4 54. Ke4 Kg7 55. Bc4 Kf6 56. Kd4 Nc3 57. f4 Kf5 58. Bd3+ Kg4 59. Bc2
Ne2+ 60. Ke5 Kh4 61. f5 Kg5 62. f6 Kh6 63. Ke6 1-0

[Event "Camp. Arg. 83 - Semifinal (La Plata)"]
[Site "Calle 46 - No. 581 (La Plata)"]
[Date "2008.??.??"]
[Round "6.9"]
[White "Lohidoy, Bernardo"]
[Black "Fulgenzi, Ernesto"]
[Result "1/2-1/2"]
[WhiteElo "2091"]
[BlackElo "2358"]
[PlyCount "47"]
[EventDate "2008.07.21"]

1. d4 g6 2. c4 Bg7 3. Nc3 d6 4. e4 Nc6 5. Be3 e5 6. d5 Nce7 7. g4 h6 8. Be2 Nf6
9. h3 c6 10. Qd2 cxd5 11. cxd5 a6 12. O-O-O b5 13. Bd3 Qa5 14. Kb1 b4 15. Nce2
Bd7 16. f4 Ba4 17. fxe5 Bxd1 18. exf6 Bxe2 19. fxg7 Bxd3+ 20. Qxd3 Rh7 21. Bd4
b3 22. axb3 Qe1+ 23. Ka2 Qa5+ 24. Kb1 1/2-1/2

[Event "Camp. Arg. 83 - Semifinal (La Plata)"]
[Site "Calle 46 - No. 581 (La Plata)"]
[Date "2008.??.??"]
[Round "6.10"]
[White "Palmiotto, Marcos Ivan"]
[Black "Malbran, Guillermo"]
[Result "1/2-1/2"]
[WhiteElo "1925"]
[BlackElo "2241"]
[PlyCount "80"]
[EventDate "2008.07.21"]

1. e4 Nf6 2. Bc4 Nxe4 3. Bxf7+ Kxf7 4. Qh5+ g6 5. Qd5+ e6 6. Qxe4 Bg7 7. Nf3
Rf8 8. d4 d5 9. Qe2 Nc6 10. h4 e5 11. dxe5 Nxe5 12. Bg5 Qd6 13. O-O Kg8 14.
Nxe5 Qxe5 15. Qxe5 Bxe5 16. c3 Bg4 17. Re1 Rae8 18. Na3 d4 19. Bh6 dxc3 20.
Bxf8 cxb2 21. Rab1 Kxf8 22. Nc4 Bf5 23. Nxe5 Rxe5 24. Rxe5 Bxb1 25. Rb5 Bxa2
26. Rxb2 Bd5 27. f3 Ke7 28. Kf2 b6 29. Ke3 a5 30. g4 a4 31. Rb4 a3 32. Ra4 a2
33. f4 b5 34. Ra7 Kd6 35. Kd2 Be6 36. g5 Kd5 37. Rxa2 Ke4 38. Ra7 c5 39. Re7
Kf5 40. Ke3 b4 1/2-1/2

[Event "Camp. Arg. 83 - Semifinal (La Plata)"]
[Site "Calle 46 - No. 581 (La Plata)"]
[Date "2008.??.??"]
[Round "6.11"]
[White "Giampa, Alejandro"]
[Black "Virgillito, Cristian"]
[Result "0-1"]
[WhiteElo "2237"]
[BlackElo "2140"]
[PlyCount "36"]
[EventDate "2008.07.21"]

1. c4 Nf6 2. Nc3 e6 3. e4 d5 4. e5 d4 5. exf6 dxc3 6. bxc3 Qxf6 7. Nf3 e5 8.
Bd3 Nd7 9. O-O Bd6 10. Bc2 O-O 11. d4 Re8 12. Re1 h6 13. Qd3 Nf8 14. c5 e4 15.
Qf1 Bf5 16. Nd2 Bf4 17. Nc4 e3 18. Bb3 Bxh2+ 0-1

[Event "Camp. Arg. 83 - Semifinal (La Plata)"]
[Site "Calle 46 - No. 581 (La Plata)"]
[Date "2008.??.??"]
[Round "6.12"]
[White "Torres, Sergio"]
[Black "Gallego, Gonzalo"]
[Result "1-0"]
[WhiteElo "2202"]
[BlackElo "2070"]
[PlyCount "69"]
[EventDate "2008.07.21"]

1. e4 c5 2. Nf3 Nc6 3. d4 cxd4 4. c3 Nf6 5. e5 Nd5 6. Bc4 Nb6 7. Bb3 d5 8. exd6
Qxd6 9. cxd4 Be6 10. Nc3 Bxb3 11. Qxb3 e6 12. Nb5 Qb8 13. O-O h6 14. Re1 Be7
15. Ne5 a6 16. Nc3 Qd8 17. Nxf7 Kxf7 18. Qxe6+ Kf8 19. d5 Nd4 20. Qe4 Nb5 21.
Bf4 Rc8 22. Nxb5 axb5 23. d6 Bg5 24. Rad1 Rc4 25. Bxg5 hxg5 26. Qf5+ Qf6 27. d7
Qxf5 28. d8=Q+ Kf7 29. Qxh8 Rc8 30. Qh5+ Kf8 31. h4 Nc4 32. hxg5 Nxb2 33. Rd8+
Rxd8 34. Qh8+ Kf7 35. Qxd8 1-0